000
00353nam a2200157Ia 4500
005
20250423095429.0
008
250422s9999 xx 000 0 und d
020
_a
1-84628-030-3
100
_a
Esmond
245
0
_a
Fundamental of Networking in Java
260
_b
Springa
260
_c
2006
300
_a
381 p
650
_a
Networking
942
_c
BK
999
_c
30250
_d
30250